Guidelines to meet insurance and other risk management needs in developing aquaculture in Asia / (Record no. 16097)
[ view plain ]
| 000 -LEADER | |
|---|---|
| fixed length control field | 00533nam a2200169Mi 4500 |
| 020 ## - INTERNATIONAL STANDARD BOOK NUMBER | |
| ISBN | 9789251058732 |
| 020 ## - INTERNATIONAL STANDARD BOOK NUMBER | |
| ISBN | 9251058733 |
| 040 ## - CATALOGING SOURCE | |
| Transcribing agency | NLGGC |
| 082 ## - DEWEY DECIMAL CLASSIFICATION NUMBER | |
| Classification number | 639 FOO 2007 A083 Or. |
| 100 1# - MAIN ENTRY--AUTHOR NAME | |
| Personal name | Secretan, Philip A.D |
| 245 10 - TITLE STATEMENT | |
| Title | Guidelines to meet insurance and other risk management needs in developing aquaculture in Asia / |
| 260 ## - PUBLICATION, DISTRIBUTION, ETC. (IMPRINT) | |
| Place of publication | Rome : |
| Name of publisher | Food and Agriculture Organization of the United Nations, |
| Year of publication | 2007 |
| 300 ## - PHYSICAL DESCRIPTION | |
| Number of Pages | xi, 148 p. : |
| Other physical details | ill. ; |
| Dimensions | 30 cm |
| 650 #0 - SUBJECT ADDED ENTRY--TOPICAL TERM | |
| Topical Term | Aquaculture |
| 650 #0 - SUBJECT ADDED ENTRY--TOPICAL TERM | |
| Topical Term | Risk (Insurance) |
| 942 ## - ADDED ENTRY ELEMENTS (KOHA) | |
| Koha item type | សៀវភៅភាសាអង់គ្លេស |
| 952 ## - LOCATION AND ITEM INFORMATION (KOHA) | |
| Withdrawn status [LOCAL, KOHA] | 0 |
| Permanent Location | Date acquired | Koha item type | Lost status | Shelving location | Barcode | Current Location | Full call number |
|---|---|---|---|---|---|---|---|
| Library Block A | 2018-01-10 | សៀវភៅភាសាអង់គ្លេស | A083 | RUA057521 | Library Block A | 639 FOO 2007 A083 Or. |